Responses for show #8305 - Friday, December 18, 2020

Brayden Smith game 4.

Contestants

[<< previous game]

Devon Cromwell, a voice-over actor and Realtor from Tarzana, California

Amanda Barkley-Levenson, a behavioral genetics researcher originally from Portland, Oregon

Brayden Smith, a policy intern from Las Vegas, Nevada (whose 3-day cash winnings total $93,800)

[next game >>]

Jeopardy! Round responses

STATES BY COUNTY
RUTH BADER GINSBURG
(Alex: A whole category devoted to the late justice.)
DONATING THEIR WINNINGS
MOVING
YACHT ROCK
FINAL "RE"
    $200 10
(Brayden: What is New York?)

California

BraydenDevon
    $200 23
dissent collar

Amanda
    $200 30
the Australian fires

Brayden
    $200 28
U-Haul

Brayden
    $200 4
Don Henley

Devon
    $200 29
departure

Devon
    $400 25
(Alex: Less than a minute now.)

Illinois

Brayden
    $400 21
the Notorious RBG

Amanda
    $400 26
the Make-a-Wish Foundation

Amanda
    $400 27
books

Amanda
    $400 5
piƱa coladas

Brayden
    $400 22
an ogre

Brayden
    $600 3
Alabama

Devon
    $600 6
[Brayden gave both listed responses.]

the ACLU (American Civil Liberties Union)

Brayden
    $600 9
Pittsburgh

Amanda
    $600 24
a walk-up

Devon
    $600 20
Christopher Cross

Triple Stumper
    $600 15
posture

Amanda
    $800 14
Washington

Devon
    $1,000 2
Columbia

Brayden
    $800 8
Brazil

Brayden
    $800 18
a piano

Devon
    $800 12
The Doobie Brothers

Triple Stumper
    $800 16
a questionnaire

Brayden
    $1000 13
(Devon: What is Arizona?)
(Amanda: What is Wyoming?)

Colorado

AmandaDevon
Triple Stumper
    $1000 1
Scalia

Brayden
    $1000 7
(Albert) Schweitzer

Brayden
    $1000 19
bill of lading

Triple Stumper
    $1000 11
(Alex: Great band--[*].)

Foreigner

Triple Stumper
    $1000 17
composure

Brayden

Scores at the first commercial break (after clue 15):

Brayden Amanda Devon
$4,600 $200 $800

Scores at the end of the Jeopardy! Round:

Brayden Amanda Devon
$7,600 $1,600 $2,400

Double Jeopardy! Round responses

CHINESE HISTORY
4-LETTER FILMS
LITERATURE
BIOLOGY
MONEY MAKES THE WORLD GO 'ROUND
IN EXCELSIS DEO
(Alex: Each correct response will be made up of some of the letters or all of the letters of "in excelsis deo".)
    $400 29
the Great Wall

Brayden
    $400 26
Babe

Amanda
    $400 27
The Hunger Games

Amanda
    $400 17
oxygen

Brayden
    $400 28
the rupee

Brayden
    $400 30
a lode

Brayden
    $800 25
the Ming Dynasty

Brayden
    $800 23
Coco

Brayden
    $800 21
an abbey

Amanda
    $3,000 11
temperature

Amanda
    $800 2
Liberia

Brayden
    $800 24
(Alex: Less than a minute to go, Brayden.)

a diesel

Triple Stumper
    $1200 15
the Dowager Empress

Triple Stumper
    $1200 5
Salt

Amanda
    $1200 8
(Brayden: Who is Jules Verne?)

Alexandre Dumas

Brayden
Triple Stumper
    $1200 1
the giraffe

Devon
    $5,000 18
(Brayden: What is Turkey?)

Panama

Brayden
    $1200 22
sloe

Devon
    $1600 14
(Devon: What is the Great March?)

the Long March

BraydenDevon
    $1600 3
Hugo

Brayden
    $1600 6
Poet Laureate

Brayden
    $1600 10
a zygote

Amanda
    $1600 16
the dinar

Amanda
    $1600 20
an excise tax

Amanda
    $2000 13
the Boxer Protocol

Triple Stumper
    $2000 4
Jobs

Brayden
    $2000 7
(Lillian) Hellman

Brayden
    $2000 12
transpiration

Brayden
    $2000 9
(Devon: Uh... what is Monaco?)
(Brayden: What is Luxembourg?)

Liechtenstein

BraydenAmandaDevon
    $2000 19
a codex

Brayden

Scores at the end of the Double Jeopardy! Round:

Brayden Amanda Devon
$16,200 $14,200 $1,200

[wagering suggestions for these scores]

Final Jeopardy! Round responses

INNOVATIONS
DevonWhat is Hallmark?
$0
AmandaWhat is 3M?
$11,000
BraydenWhat is Western Union?
$12,201
Hallmark

Final scores:

Brayden Amanda Devon
$3,999 $3,200 $1,200
4-day champion: $97,799 2nd place: $2,000 3rd place: $1,000

Game dynamics:

Coryat scores:

Brayden Amanda Devon
$21,000 $12,000 $1,200
26 R
(including 1 DD),
4 W
(including 1 DD)
15 R
(including 1 DD),
1 W
9 R,
3 W

Combined Coryat: $34,200

The J! Archive is created by fans, for fans. The Jeopardy! game show and all elements thereof, including but not limited to copyright and trademark thereto, are the property of Jeopardy Productions, Inc. and are protected under law. This website is not affiliated with, sponsored by, or operated by Jeopardy Productions, Inc. Join the discussion at JBoard.tv.